000 00367pab a2200145 454500
008 180718b2001 xxu||||| |||| 00| 0 eng d
100 _aXu Jain
245 _aChina's role in a changing world: Challenges and prospects
260 _c2001
300 _ap.51-57
362 _aOct-Dec
650 _aInternational relations
773 _aWorld Affairs
909 _a51415
999 _c51415
_d51415